| 000 | 02350cam0 2200481 ib4500 | ||
|---|---|---|---|
| 001 | BY-CNB-br4999688 | ||
| 005 | 20260320110127.0 | ||
| 010 |
^a978-985-90452-9-5 ^bу пераплёце |
||
| 035 | ^a(BY-MI0000)BY-CNB-br4999688 | ||
| 100 | ^a20191017d2019 c y0bely50 ca | ||
| 101 | 0 | ^abel | |
| 102 | ^aBY | ||
| 105 | ^aa z 000oy | ||
| 109 | ^ama | ||
| 181 | 0 | ^ai3 | |
| 181 | 0 |
^ab1 ^b b2e |
|
| 182 | 0 | ^an | |
| 200 | 1 |
^aМаё шчаслівае жыццё ^e[для малодшага школьнага ўзросту] ^fтэкст: Роўз Лагеркранц ^gілюстрацыі: Эва Эрыксан ^gпераклад са шведскай Н. Кандрусевіч |
|
| 203 |
^aТэкст ^aВыява ^bнерухомая ^bдвухмерная ^cнепасрэдныя |
||
| 210 |
^aМінск ^cKOSKA ^cКандрусевіч Надзея ^d2019 |
||
| 215 |
^a138, [1] с. ^cіл. ^d22 см |
||
| 225 | 1 |
^aБібліятэка Саюза беларускіх пісьменнікаў "Кнігарня пісьменніка". Падсерыя "Каляровы ровар" ^vвып. 31 |
|
| 333 | ^a6+ | ||
| 345 | ^91000 экз. | ||
| 606 |
^aШВЕДСКАЯ ЛИТЕРАТУРА ^3BY-NLB-ar38030 ^2DVNLB |
||
| 606 |
^aШВЕДСКАЯ ЛІТАРАТУРА ^3BY-NLB-ar38031 ^2DVNLB |
||
| 608 |
^aДЗІЦЯЧАЯ ЛІТАРАТУРА (літ. твор) ^3BY-NLB-ar9020 ^2BYGNR |
||
| 608 |
^aДЕТСКАЯ ЛИТЕРАТУРА (лит. произведение) ^3BY-NLB-ar9019 ^2BYGNR |
||
| 608 |
^aПРОЗА (літ. твор) ^3BY-NLB-ar2648149 ^2BYGNR |
||
| 608 |
^aПРОЗА (лит. произведение) ^3BY-NLB-ar2648148 ^2BYGNR |
||
| 615 |
^3BY-SEK-ar1826174 ^aБелорусский национальный документ |
||
| 686 |
^a84(4Шве)-4 ^2rubbk |
||
| 690 |
^a1 ^2Base ^9BY-MI0000 ^xRSEK |
||
| 700 | 1 |
^3BY-CNB-ar2218547 ^aЛагеркранц ^bР. |
|
| 702 | 1 |
^3BY-NLB-ar7505007 ^aЭрыксан ^bЭ. ^gЭва ^cмастак ^fнар. 1949 ^4040 |
|
| 702 | 1 |
^3BY-SEK-ar5241132 ^aКандрусевіч ^bН. ^gНадзея ^cперакладчык ^4730 |
|
| 801 | 0 |
^aBY ^bBY-HM0005 ^c20191023 ^gRCR |
|
| 801 | 2 |
^aBY ^bBY-BR0000 ^c20191216 ^gRCR |
|
| 801 | 2 |
^aBY ^bBY-MI0000 ^c20260306 ^gRCR |
|
| 899 | 0 |
^aBY-MI0000 ^iЛ14 ^h84(4Шве) |
|